[Event "HUN Team League Csongrad Region 2018-19 "]
[Site "Csongrád County"]
[Date "2018.09.30"]
[Round "1.1"]
[White "Varga, Gabor"]
[Black "Papp, Bence"]
[Result "1-0"]
[WhiteElo "1698"]
[BlackElo "2061"]
[PlyCount "83"]
[EventDate "2018.09.30"]
[WhiteTeam "Meritum SE III."]
[BlackTeam "Meritum SE II."]

1. c4 f5 2. Nc3 Nf6 3. g3 g6 4. Bg2 Bg7 5. e3 O-O 6. Nge2 Nc6 7. d4 d6 8. O-O
Qe8 9. a3 Qf7 10. b3 Bd7 11. Bb2 a6 12. d5 Ne5 13. h3 g5 14. Nd4 Kh8 15. Qc2 f4
16. exf4 gxf4 17. Nce2 Nh5 18. f3 Nxg3 19. Nxg3 fxg3 20. f4 Ng6 21. f5 Ne5 22.
Be4 Qh5 23. Kg2 Bf6 24. Nf3 Nxf3 25. Rxf3 Qh4 26. Re1 h5 27. Bd3 Rae8 28. Qd2
Kh7 29. Bc1 Bg7 30. f6+ Kg8 31. f7+ Rxf7 32. Bh7+ Kxh7 33. Rxf7 Bxh3+ 34. Kg1
Qg4 35. Bb2 e5 36. dxe6 Rg8 37. Qd3+ Kh8 38. Rxg7 Rxg7 39. e7 Qf5 40. e8=Q+ Kh7
41. Qxh5+ Kg8 42. Re8+ 1-0

[Event "HUN Team League Csongrad Region 2018-19 "]
[Site "Csongrád County"]
[Date "2018.09.30"]
[Round "1.1"]
[White "Csikos, Mihaly"]
[Black "Tapodi, Martin"]
[Result "1/2-1/2"]
[WhiteElo "2055"]
[BlackElo "1624"]
[PlyCount "64"]
[EventDate "2018.09.30"]
[WhiteTeam "Meritum SE II."]
[BlackTeam "Meritum SE III."]

1. c4 c5 2. Nc3 Nc6 3. g3 g6 4. Bg2 Bg7 5. Nf3 Nf6 6. O-O O-O 7. e3 d6 8. d4
Nd7 9. a3 a6 10. b3 Qb6 11. Nd5 Qd8 12. Bb2 b5 13. Qc2 bxc4 14. bxc4 e6 15. Nf4
Rb8 16. Rab1 Na5 17. Rfd1 Qc7 18. dxc5 Qxc5 19. Bxg7 Rxb1 20. Rxb1 Kxg7 21.
Qc3+ Kg8 22. Nd2 Ne5 23. Nd3 Nxd3 24. Qxd3 Rd8 25. Qd4 Qxa3 26. Qb6 Rf8 27. Ne4
Qd3 28. c5 Nc4 29. Qb4 a5 30. Qe1 d5 31. Nd6 Nxd6 32. cxd6 Qa3 1/2-1/2

[Event "HUN Team League Csongrad Region 2018-19 "]
[Site "Csongrád County"]
[Date "2018.09.30"]
[Round "1.1"]
[White "Kurucz, Gergely"]
[Black "Tapodi, Norman Lajos"]
[Result "0-1"]
[WhiteElo "1585"]
[BlackElo "1940"]
[PlyCount "105"]
[EventDate "2018.09.30"]
[WhiteTeam "Meritum SE III."]
[BlackTeam "Meritum SE II."]

1. e4 d5 2. exd5 Qxd5 3. Nc3 Qd6 4. d4 Nf6 5. Bd3 a6 6. Nge2 Bg4 7. f3 Bh5 8.
Bf4 Qd7 9. Ne4 e6 10. Nxf6+ gxf6 11. Ng3 Bg6 12. Ne4 Be7 13. c3 Nc6 14. Qc2 e5
15. dxe5 fxe5 16. Be3 f5 17. Nc5 Bxc5 18. Bxc5 Qd5 19. Be3 e4 20. Be2 O-O-O 21.
fxe4 fxe4 22. O-O Rhf8 23. Rxf8 Rxf8 24. b3 Ne5 25. Qd2 Qe6 26. Rd1 Bf5 27. Qd4
Nc6 28. Qc4 Qg6 29. Qd5 Rg8 30. g3 Bg4 31. Bxg4+ Qxg4 32. Rf1 Rd8 33. Qf5+ Qxf5
34. Rxf5 Rd3 35. Rf8+ Kd7 36. Bd4 Nxd4 37. cxd4 Rd1+ 38. Rf1 Rxd4 39. Rf7+ Kd6
40. Rxh7 e3 41. Kf1 Rd2 42. a3 Rb2 43. b4 Ra2 44. h4 Rxa3 45. Ke2 Rb3 46. h5
Rxb4 47. Kxe3 Rc4 48. h6 Rc1 49. g4 Ke5 50. g5 Kf5 51. Rg7 b5 52. h7 Rh1 53.
Rg8 0-1

[Event "HUN Team League Csongrad Region 2018-19 "]
[Site "Csongrád County"]
[Date "2018.09.30"]
[Round "1.1"]
[White "Fridrik, Richard"]
[Black "Filep, Miklos Sr."]
[Result "1-0"]
[WhiteElo "1763"]
[BlackElo "1529"]
[PlyCount "43"]
[EventDate "2018.09.30"]
[WhiteTeam "Meritum SE II."]
[BlackTeam "Meritum SE III."]

1. e4 c5 2. Nf3 Nc6 3. d4 cxd4 4. Nxd4 g6 5. Nc3 Bg7 6. Be3 Nf6 7. Be2 O-O 8.
Qd2 a6 9. O-O-O Qc7 10. g4 e6 11. g5 Ne8 12. h4 Nxd4 13. Bxd4 Bxd4 14. Qxd4 Ng7
15. Rdg1 Qf4+ 16. Kb1 f5 17. gxf6 Qxf6 18. Qd3 Kh8 19. h5 Nxh5 20. Bxh5 gxh5
21. Rxh5 Qxf2 22. Rxh7+ 1-0

[Event "HUN Team League Csongrad Region 2018-19 "]
[Site "Csongrád County"]
[Date "2018.09.30"]
[Round "1.1"]
[White "Febert, Richard"]
[Black "Fabian, Istvan"]
[Result "1-0"]
[WhiteElo "1488"]
[BlackElo "1743"]
[PlyCount "57"]
[EventDate "2018.09.30"]
[WhiteTeam "Meritum SE III."]
[BlackTeam "Meritum SE II."]

1. e4 d6 2. d4 g6 3. Nc3 Bg7 4. Nf3 Nf6 5. Bf4 O-O 6. Be2 Nh5 7. Be3 Nd7 8. Qd2
c6 9. h4 Nhf6 10. O-O-O Ng4 11. h5 Ndf6 12. hxg6 Nxe3 13. gxf7+ Rxf7 14. fxe3
Qa5 15. a3 Bg4 16. e5 Nh5 17. Rh4 Bxf3 18. Bxf3 Ng3 19. Rh3 Nf5 20. Be4 dxe5
21. Rf1 exd4 22. exd4 Bh6 23. Rxh6 Nxh6 24. Rh1 Ng4 25. d5 Raf8 26. Qg5+ Kh8
27. Bd3 Rg8 28. Qh5 Rfg7 29. Qxh7+ 1-0

[Event "HUN Team League Csongrad Region 2018-19 "]
[Site "Csongrád County"]
[Date "2018.09.30"]
[Round "1.1"]
[White "Farkas, Boldizsar"]
[Black "Fulop, Csilla"]
[Result "1-0"]
[WhiteElo "1633"]
[BlackElo "1441"]
[PlyCount "41"]
[EventDate "2018.09.30"]
[WhiteTeam "Meritum SE II."]
[BlackTeam "Meritum SE III."]

1. d4 Nf6 2. Nf3 d5 3. Bf4 g6 4. e3 Bg7 5. h3 O-O 6. Be2 Nbd7 7. Nbd2 c5 8. c3
Re8 9. O-O Bf8 10. Ne5 e6 11. Ndf3 Ne4 12. Bd3 cxd4 13. exd4 Nxe5 14. Nxe5 Nd6
15. Qf3 Bg7 16. Qg3 Bf8 17. h4 h5 18. Nxg6 fxg6 19. Qxg6+ Bg7 20. Bxd6 Qxd6 21.
Qxe8+ 1-0

[Event "HUN Team League Csongrad Region 2018-19 "]
[Site "Csongrád County"]
[Date "2018.09.30"]
[Round "1.1"]
[White "Varga, Szilvia"]
[Black "Kantor, Robert"]
[Result "1/2-1/2"]
[WhiteElo "1430"]
[BlackElo "1421"]
[PlyCount "53"]
[EventDate "2018.09.30"]
[WhiteTeam "Meritum SE III."]
[BlackTeam "Meritum SE II."]

1. e4 e5 2. Nf3 Nf6 3. Nc3 Bb4 4. d3 Nc6 5. Bd2 d6 6. h3 h6 7. Be2 Be6 8. O-O
O-O 9. Na4 Bxd2 10. Qxd2 Qd7 11. Kh2 Ne7 12. Nc3 Ng6 13. Qe3 Nf4 14. Ng1 Nh7
15. Qg3 f5 16. Bf3 Rf6 17. Nce2 Rg6 18. Qh4 Nxe2 19. Bxe2 Rf8 20. f4 fxe4 21.
fxe5 dxe5 22. Qxe4 Rg5 23. Nf3 Bd5 24. Qh4 Rgf5 25. b3 Qd6 26. Qg3 Bxf3 27.
Bxf3 1/2-1/2

[Event "HUN Team League Csongrad Region 2018-19 "]
[Site "Csongrád County"]
[Date "2018.09.30"]
[Round "1.1"]
[White "Kantor, Robert Jr."]
[Black "Tamas, Attila"]
[Result "0-1"]
[WhiteElo "1213"]
[BlackElo "1285"]
[PlyCount "62"]
[EventDate "2018.09.30"]
[WhiteTeam "Meritum SE II."]
[BlackTeam "Meritum SE III."]

1. e4 Nc6 2. d4 e6 3. Bc4 d5 4. exd5 exd5 5. Bb3 Be6 6. Nf3 Nf6 7. O-O Qd7 8.
Nc3 Bb4 9. Ne5 Qe7 10. Nxc6 bxc6 11. Re1 Ne4 12. Bd2 Bxc3 13. Bxc3 Qf6 14. f3
Nxc3 15. bxc3 O-O 16. Ba4 Bd7 17. Rb1 Rab8 18. Qd3 Rb6 19. Rxb6 axb6 20. Qe3 b5
21. Bb3 Be6 22. Qe5 Qxe5 23. Rxe5 Re8 24. f4 f6 25. Re1 f5 26. a4 Kf7 27. a5
Ra8 28. Ra1 Bc8 29. Kf2 Ba6 30. Kf3 Re8 31. Re1 Rxe1 0-1

[Event "HUN Team League Csongrad Region 2018-19 "]
[Site "Csongrád County"]
[Date "2018.09.30"]
[Round "1.2"]
[White "Kovacs, Arthur Dr."]
[Black "Gyugyi, Peter"]
[Result "1/2-1/2"]
[WhiteElo "1949"]
[BlackElo "2002"]
[PlyCount "42"]
[EventDate "2018.09.30"]
[WhiteTeam "Makói SVSE III."]
[BlackTeam "Üllési ISE"]

1. d4 Nf6 2. Nf3 g6 3. c4 c5 4. Nc3 cxd4 5. Nxd4 Bg7 6. e4 Nc6 7. Be3 Ng4 8.
Qxg4 Nxd4 9. Qd1 Ne6 10. Qd2 Qa5 11. Rc1 b6 12. b3 Bb7 13. Nd5 Qxd2+ 14. Kxd2
Rc8 15. Be2 Nd4 16. f3 e6 17. Nc3 O-O 18. Rhd1 Nxe2 19. Nxe2 f5 20. exf5 Rxf5
21. Ke1 Rf7 1/2-1/2

[Event "HUN Team League Csongrad Region 2018-19 "]
[Site "Csongrád County"]
[Date "2018.09.30"]
[Round "1.2"]
[White "Szekeres, Janos"]
[Black "Balassy, Gabor"]
[Result "1/2-1/2"]
[WhiteElo "1887"]
[BlackElo "1818"]
[PlyCount "78"]
[EventDate "2018.09.30"]
[WhiteTeam "Üllési ISE"]
[BlackTeam "Makói SVSE III."]

1. e4 c6 2. d4 d5 3. e5 Bf5 4. Nc3 e6 5. g4 Bg6 6. Nge2 h6 7. Nf4 Bh7 8. Bd3
Bxd3 9. Qxd3 c5 10. Be3 Nc6 11. Nce2 cxd4 12. Bxd4 Nxd4 13. Nxd4 Qd7 14. Nh5 g6
15. Nf4 Ne7 16. O-O-O O-O-O 17. Nfe2 Nc6 18. f4 Nxd4 19. Nxd4 Kb8 20. f5 gxf5
21. gxf5 Rc8 22. Rhf1 Bg7 23. Rde1 Rhg8 24. Kb1 a6 25. Rg1 Bxe5 26. fxe6 fxe6
27. Nf3 Bf6 28. Rg6 Rxg6 29. Qxg6 Qg7 30. Qxg7 Bxg7 31. Rxe6 Rf8 32. Re3 Rf7
33. c3 Kc7 34. Kc2 Kd6 35. Kd3 Kd7 36. Ke2 Re7 37. Nd4 Bxd4 38. Rxe7+ Kxe7 39.
cxd4 Ke6 1/2-1/2

[Event "HUN Team League Csongrad Region 2018-19 "]
[Site "Csongrád County"]
[Date "2018.09.30"]
[Round "1.2"]
[White "Kopias, Ferenc"]
[Black "Gera, Mihaly"]
[Result "1-0"]
[WhiteElo "1797"]
[BlackElo "1815"]
[PlyCount "59"]
[EventDate "2018.09.30"]
[WhiteTeam "Makói SVSE III."]
[BlackTeam "Üllési ISE"]

1. Nf3 Nf6 2. c4 g6 3. Nc3 Bg7 4. g3 c6 5. Bg2 O-O 6. O-O d5 7. cxd5 cxd5 8. d4
Nc6 9. b3 Bf5 10. e3 Qc8 11. Bb2 Bh3 12. Rc1 Bxg2 13. Kxg2 Qd8 14. Qe2 Rc8 15.
Rfd1 e6 16. Qb5 b6 17. Rd2 Re8 18. Rdc2 Nb8 19. Nxd5 Rxc2 20. Nxf6+ Bxf6 21.
Rxc2 Qe7 22. Ba3 Qd8 23. Rc7 Be7 24. Rxa7 Bxa3 25. Rxa3 Qc8 26. Ra7 Nc6 27. Ra6
Nb4 28. Ra4 Nd5 29. Rc4 Qb8 30. Ne5 1-0

[Event "HUN Team League Csongrad Region 2018-19 "]
[Site "Csongrád County"]
[Date "2018.09.30"]
[Round "1.2"]
[White "Nagy, Zoltan"]
[Black "Csibor, Andras"]
[Result "0-1"]
[WhiteElo "1653"]
[BlackElo "1807"]
[PlyCount "56"]
[EventDate "2018.09.30"]
[WhiteTeam "Üllési ISE"]
[BlackTeam "Makói SVSE III."]

1. e4 e6 2. d4 d5 3. e5 c5 4. Be3 Nc6 5. c3 cxd4 6. cxd4 Nge7 7. Nf3 Ng6 8. Bb5
a6 9. Bxc6+ bxc6 10. a3 Rb8 11. b4 a5 12. bxa5 Qxa5+ 13. Bd2 Qa6 14. Nc3 c5 15.
Qa4+ Qxa4 16. Nxa4 cxd4 17. O-O Bd7 18. Rfb1 Rxb1+ 19. Rxb1 Bxa4 20. Rb8+ Kd7
21. Rb2 Kc8 22. Ra2 Bc6 23. Bb4 Bxb4 24. axb4 Bb7 25. b5 Kc7 26. Ra3 Ra8 27.
Rxa8 Bxa8 28. Kf1 Kb6 0-1

[Event "HUN Team League Csongrad Region 2018-19 "]
[Site "Csongrád County"]
[Date "2018.09.30"]
[Round "1.2"]
[White "Jakso, Abel"]
[Black "Molnar, Jeno"]
[Result "1-0"]
[WhiteElo "1548"]
[BlackElo "1633"]
[PlyCount "117"]
[EventDate "2018.09.30"]
[WhiteTeam "Makói SVSE III."]
[BlackTeam "Üllési ISE"]

1. d4 Nf6 2. Nf3 g6 3. Bf4 Bg7 4. e3 d5 5. Be2 Nc6 6. h3 O-O 7. O-O Re8 8. Nbd2
a6 9. c4 dxc4 10. Nxc4 b5 11. Nce5 Bb7 12. Rc1 Nxe5 13. Nxe5 Nd5 14. Bg3 Bh6
15. Rc5 Ra7 16. Qb3 e6 17. Rfc1 Bf8 18. R5c2 Bd6 19. Nc6 Bxc6 20. Bxd6 Ba8 21.
Be5 c6 22. Qa3 Qd7 23. Bd6 Ne7 24. Bc5 Rc7 25. Bf3 Bb7 26. e4 Rcc8 27. Bd6 Kg7
28. Be5+ f6 29. Bd6 Kf7 30. e5 f5 31. Qe3 Ng8 32. h4 Kg7 33. h5 Nh6 34. Rc3 Nf7
35. Bc5 Qd8 36. Bb4 a5 37. Bc5 Qg5 38. Qe2 Qd8 39. hxg6 hxg6 40. Bh5 Qg5 41.
Bxg6 Rh8 42. R1c2 Rh4 43. Rg3 Rch8 44. Bh5 R4xh5 45. Rxg5+ Nxg5 46. f3 Rh1+ 47.
Kf2 Nh3+ 48. Ke3 Ng5 49. a4 R1h2 50. axb5 f4+ 51. Kxf4 Nf7 52. bxc6 R8h4+ 53.
Ke3 Bxc6 54. Be7 R4h3 55. Rxc6 Rg3 56. Rc2 Nh6 57. Bf6+ Kg6 58. Kf4 Nf5 59. Ke4
1-0

[Event "HUN Team League Csongrad Region 2018-19 "]
[Site "Csongrád County"]
[Date "2018.09.30"]
[Round "1.2"]
[White "Heintz, Sebestyen"]
[Black "Vass, Szabolcs"]
[Result "1-0"]
[WhiteElo "1680"]
[BlackElo "1660"]
[PlyCount "63"]
[EventDate "2018.09.30"]
[WhiteTeam "Üllési ISE"]
[BlackTeam "Makói SVSE III."]

1. e4 e5 2. Nf3 d6 3. h3 Nf6 4. Nc3 Be7 5. Bc4 c6 6. Qe2 a5 7. a4 O-O 8. O-O d5
9. exd5 cxd5 10. Bb3 e4 11. Nd4 Bc5 12. Ndb5 Be6 13. d3 Bf5 14. dxe4 Bxe4 15.
Bg5 Re8 16. Bxf6 Qxf6 17. Bxd5 Na6 18. Bxe4 Rad8 19. Rad1 Rb8 20. Qg4 g6 21.
Rd7 b6 22. Bd5 Bxf2+ 23. Kh1 Re7 24. Ne4 Qe5 25. Rxe7 Qxe7 26. Rxf2 Rf8 27.
Nf6+ Kg7 28. Qh4 Qe1+ 29. Kh2 Qe5+ 30. g3 h6 31. Nd7 Qe3 32. Qf6+ 1-0

[Event "HUN Team League Csongrad Region 2018-19 "]
[Site "Csongrád County"]
[Date "2018.09.30"]
[Round "1.2"]
[White "Erdei, Imre"]
[Black "Gabor, Geza"]
[Result "1-0"]
[WhiteElo "1663"]
[BlackElo "1585"]
[PlyCount "83"]
[EventDate "2018.09.30"]
[WhiteTeam "Makói SVSE III."]
[BlackTeam "Üllési ISE"]

1. d4 e5 2. dxe5 Nc6 3. Nf3 Qe7 4. c3 Nxe5 5. Nxe5 Qxe5 6. Be3 Nf6 7. Nd2 Be7
8. Bd4 Qh5 9. Nf3 O-O 10. Bxf6 Bxf6 11. e3 d6 12. Be2 Qg6 13. Bf1 c6 14. g3 Bg4
15. h3 Bxf3 16. Qxf3 Qc2 17. Bg2 Qxb2 18. O-O Qxc3 19. Rab1 Rab8 20. Qf5 Qe5
21. Qd3 d5 22. Rb3 Rfd8 23. Rc1 Qe6 24. Qb1 g6 25. Rxb7 Be5 26. Rxb8 Rxb8 27.
Qc2 Rb6 28. Qa4 Bxg3 29. Qxa7 c5 30. fxg3 Qxe3+ 31. Kh2 Rb2 32. Rf1 f5 33. Qa8+
Kg7 34. Qxd5 Rd2 35. Qb7+ Kh6 36. Qa8 Qe2 37. Qf8+ Kg5 38. Rg1 Rxa2 39. Qd8+
Kh5 40. Qc7 c4 41. Qxh7+ Kg5 42. Qh4# 1-0

[Event "HUN Team League Csongrad Region 2018-19 "]
[Site "Csongrád County"]
[Date "2018.09.30"]
[Round "1.2"]
[White "Magony, Milan"]
[Black "Vizhanyo Gyomorei, Jozsef"]
[Result "1/2-1/2"]
[WhiteElo "1214"]
[BlackElo "1554"]
[PlyCount "90"]
[EventDate "2018.09.30"]
[WhiteTeam "Üllési ISE"]
[BlackTeam "Makói SVSE III."]

1. b4 e5 2. a3 Nf6 3. Bb2 Nc6 4. b5 Nd4 5. e3 Nf5 6. Bxe5 d6 7. Bb2 h5 8. Nf3
Ne4 9. d3 Nf6 10. Nbd2 Qe7 11. c4 Ng4 12. e4 Bd7 13. Be2 Nfh6 14. d4 g6 15. h3
Nf6 16. e5 Nh7 17. Rc1 Nf5 18. O-O Bh6 19. c5 O-O 20. c6 bxc6 21. bxc6 Bc8 22.
Rc3 Ng5 23. Nxg5 Bxg5 24. Nc4 dxe5 25. Nxe5 Rd8 26. Rc5 Bf6 27. Nf3 Qxc5 28.
dxc5 Rxd1 29. Bxf6 Rxf1+ 30. Bxf1 Be6 31. Bb5 Bd5 32. Nd4 Nxd4 33. Bxd4 Re8 34.
f4 f5 35. Be5 Re7 36. h4 Kf7 37. Kf2 Rxe5 38. fxe5 Ke6 39. g3 Kxe5 40. Ke3 Bh1
41. a4 a5 42. Kd3 Bg2 43. Kc4 Bd5+ 44. Kd3 Bh1 45. Kc4 Bd5+ 1/2-1/2

[Event "HUN Team League Csongrad Region 2018-19 "]
[Site "Csongrád County"]
[Date "2018.09.30"]
[Round "1.3"]
[White "Adok, Janos"]
[Black "Retkes, Sandor"]
[Result "1/2-1/2"]
[WhiteElo "2237"]
[BlackElo "1896"]
[PlyCount "102"]
[EventDate "2018.09.30"]
[WhiteTeam "Vásárhelyi Pákozdy FSSE"]
[BlackTeam "Röszkei SK"]

1. c4 g6 2. Nf3 Bg7 3. Nc3 d6 4. d4 a6 5. g3 b6 6. Bg2 Bb7 7. O-O Nd7 8. b3 c5
9. Bb2 cxd4 10. Nxd4 Bxg2 11. Kxg2 Ngf6 12. f3 O-O 13. e4 Qc7 14. Rc1 Rac8 15.
Qd2 Ne5 16. Nd5 Qb7 17. h3 Rfe8 18. Rfe1 Kh8 19. f4 Ned7 20. Nf3 h6 21. e5 Nxd5
22. cxd5 Rxc1 23. Rxc1 Nc5 24. b4 Na4 25. Ba1 Rc8 26. Rxc8+ Qxc8 27. Qd3 b5 28.
Bd4 Qc1 29. Qb3 Kh7 30. h4 Qc7 31. Qd3 Qc1 32. h5 Nb2 33. hxg6+ fxg6 34. Qe4
Nc4 35. Nh4 Qd2+ 36. Kh3 Qd1 37. Qxg6+ Kh8 38. Qe4 Qf1+ 39. Kh2 Nd2 40. Qe3 Nc4
41. Qf3 Qb1 42. Kh3 Kh7 43. g4 Nd2 44. Qe2 Qh1+ 45. Qh2 Qd1 46. Qg2 Qc2 47. Nf5
dxe5 48. fxe5 Qd3+ 49. Qg3 Qf1+ 50. Qg2 Qd3+ 51. Qg3 Qf1+ 1/2-1/2

[Event "HUN Team League Csongrad Region 2018-19 "]
[Site "Csongrád County"]
[Date "2018.09.30"]
[Round "1.3"]
[White "Nagy Dani, Karoly"]
[Black "Abraham, Zoltan"]
[Result "1-0"]
[WhiteElo "1763"]
[BlackElo "1870"]
[PlyCount "87"]
[EventDate "2018.09.30"]
[WhiteTeam "Röszkei SK"]
[BlackTeam "Vásárhelyi Pákozdy FSSE"]

1. Nf3 Nf6 2. c4 d6 3. Nc3 g6 4. d4 Bg7 5. g3 c6 6. Bg2 O-O 7. O-O Na6 8. a3
Rb8 9. Qc2 b5 10. Nd2 Bd7 11. e4 Qb6 12. e5 Ne8 13. cxb5 cxb5 14. Nd5 Qd8 15.
Re1 Nac7 16. Nb4 Rb6 17. Nb3 Bf5 18. Qc3 a6 19. Nc6 Qd7 20. exd6 exd6 21. Ne7+
Kh8 22. Bc6 Qd8 23. Nxf5 gxf5 24. Qc2 Nf6 25. Bd2 f4 26. Bxf4 Ncd5 27. Bg5 Qc7
28. Rac1 Rc8 29. Na5 Ne7 30. Bxf6 Bxf6 31. Qd2 Nxc6 32. d5 Qd8 33. Nxc6 Qd7 34.
Qf4 Kg7 35. Qf3 Rf8 36. Rc2 h5 37. Rce2 Qh3 38. Re8 Rxe8 39. Rxe8 Rb7 40. Re2
h4 41. Re4 hxg3 42. Rg4+ Kf8 43. Rxg3 Qh6 44. Qg4 1-0

[Event "HUN Team League Csongrad Region 2018-19 "]
[Site "Csongrád County"]
[Date "2018.09.30"]
[Round "1.3"]
[White "Buzas, Andras"]
[Black "Ver, Imre"]
[Result "0-1"]
[WhiteElo "1756"]
[BlackElo "1763"]
[PlyCount "80"]
[EventDate "2018.09.30"]
[WhiteTeam "Vásárhelyi Pákozdy FSSE"]
[BlackTeam "Röszkei SK"]

1. Nf3 Nf6 2. b3 g6 3. Bb2 Bg7 4. d3 O-O 5. c4 d6 6. Nbd2 e5 7. g3 c5 8. Bg2
Nc6 9. O-O Rb8 10. Ne1 Nd4 11. Nc2 Nxc2 12. Qxc2 Bf5 13. Rab1 Qc7 14. a3 Rfd8
15. b4 b6 16. f4 Ng4 17. Rf3 Bc8 18. h3 Nh6 19. fxe5 dxe5 20. e4 f6 21. Nf1 Nf7
22. Bc1 Be6 23. h4 Bg4 24. Rf2 Qd6 25. Ne3 Be6 26. Nd5 Bxd5 27. exd5 Rbc8 28.
b5 Re8 29. a4 f5 30. Kh1 Nh6 31. Bxh6 Bxh6 32. Bh3 e4 33. Kg2 exd3 34. Qd1 Re3
35. Rf3 Rce8 36. Rb2 Rxf3 37. Qxf3 Re3 38. Qf2 Qe5 39. g4 Bf4 40. Ra2 Qe4+ 0-1

[Event "HUN Team League Csongrad Region 2018-19 "]
[Site "Csongrád County"]
[Date "2018.09.30"]
[Round "1.3"]
[White "Bartos, Ferenc"]
[Black "Bene, Zoltan"]
[Result "0-1"]
[WhiteElo "1756"]
[BlackElo "1683"]
[PlyCount "71"]
[EventDate "2018.09.30"]
[WhiteTeam "Röszkei SK"]
[BlackTeam "Vásárhelyi Pákozdy FSSE"]

1. e4 c5 2. Nc3 Nc6 3. f4 d6 4. Bc4 Nf6 5. Nf3 Bg4 6. e5 dxe5 7. fxe5 Bxf3 8.
Qxf3 Nxe5 9. Bb5+ Nfd7 10. Qxb7 e6 11. Qe4 Bd6 12. d4 cxd4 13. Qxd4 Ke7 14.
Bxd7 Qxd7 15. Bf4 Nc6 16. Bxd6+ Qxd6 17. Qh4+ f6 18. O-O Rab8 19. Kh1 Rb4 20.
Qe1 Rxb2 21. Rd1 Qe5 22. Rd2 Qxe1 23. Rxe1 Rd8 24. Rxd8 Kxd8 25. Rxe6 Rxc2 26.
Ne2 Kd7 27. Re3 Rxa2 28. g3 Ne5 29. Nf4 Rxh2+ 30. Kxh2 Ng4+ 31. Kg1 Nxe3 32.
Nh5 Nf5 33. Kf2 Ke7 34. g4 Nh6 35. Kf3 g6 36. Nf4 0-1

[Event "HUN Team League Csongrad Region 2018-19 "]
[Site "Csongrád County"]
[Date "2018.09.30"]
[Round "1.3"]
[White "Markus, Molli Amina"]
[Black "Sipos, Kalman"]
[Result "0-1"]
[WhiteElo "1614"]
[BlackElo "1703"]
[PlyCount "128"]
[EventDate "2018.09.30"]
[WhiteTeam "Vásárhelyi Pákozdy FSSE"]
[BlackTeam "Röszkei SK"]

1. c4 g6 2. Nc3 Nf6 3. g3 Bg7 4. Bg2 O-O 5. e3 c6 6. Nge2 d5 7. cxd5 Nxd5 8.
O-O Na6 9. a3 Nac7 10. d4 Be6 11. Bd2 Qd7 12. Nxd5 Bxd5 13. Nf4 Bxg2 14. Kxg2
Rad8 15. Rc1 e5 16. Bb4 Rfe8 17. dxe5 Bxe5 18. Qxd7 Rxd7 19. Rc2 Nd5 20. Nxd5
Rxd5 21. Bc3 Bxc3 22. Rxc3 Rd2 23. b4 Kg7 24. Kf3 Re5 25. e4 a5 26. bxa5 Rxa5
27. Rb1 Ra7 28. Rcb3 b5 29. Rc1 Ra6 30. Rbc3 Rd6 31. Ke2 Kf6 32. f4 Ke7 33. e5
Re6 34. Kf3 f6 35. exf6+ Kxf6 36. Rd1 Ke7 37. Rcd3 Ra7 38. h3 c5 39. Rb1 c4 40.
Rc3 Rb6 41. Ke4 Kd6 42. g4 Kc5 43. Rd1 Re6+ 44. Kf3 Rd6 45. Rdc1 Rd4 46. Re3
Rf7 47. Re5+ Kc6 48. Re6+ Kc7 49. Re4 Rd3+ 50. Re3 Rfd7 51. Rc3 Kb6 52. Ke2
Rxc3 53. Rxc3 Kc5 54. Re3 Kd4 55. Kd2 Rf7 56. Rf3 Ke4 57. Re3+ Kxf4 58. Rc3 Rc7
59. Kc2 Ke4 60. Kb2 Kd4 61. Kc2 Re7 62. Rf3 Re2+ 63. Kd1 Re3 64. Rf4+ Kd3 0-1

[Event "HUN Team League Csongrad Region 2018-19 "]
[Site "Csongrád County"]
[Date "2018.09.30"]
[Round "1.3"]
[White "Abraham, Lajos"]
[Black "Gachalyi, Gergo"]
[Result "1-0"]
[WhiteElo "1635"]
[BlackElo "1486"]
[PlyCount "105"]
[EventDate "2018.09.30"]
[WhiteTeam "Röszkei SK"]
[BlackTeam "Vásárhelyi Pákozdy FSSE"]

1. Nf3 Nf6 2. c4 g6 3. Nc3 Bg7 4. e4 d6 5. d4 O-O 6. h3 Nc6 7. Be3 e5 8. d5 Ne7
9. Qd2 Ne8 10. Bh6 f5 11. Bxg7 Kxg7 12. Be2 f4 13. g3 Ng8 14. g4 Ngf6 15. Nh2
Nd7 16. Nf3 Nc5 17. b4 Nd7 18. g5 Qe7 19. h4 Nb8 20. Qb2 Bg4 21. Na4 Qd7 22.
Nc5 Qc8 23. Nxe5 dxe5 24. Bxg4 Qxg4 25. Ne6+ Kg8 26. Nxf8 Kxf8 27. Qxe5 Qf3 28.
Rh2 Kf7 29. Rc1 Qg4 30. Qe6+ Qxe6 31. dxe6+ Kxe6 32. h5 Nc6 33. hxg6 hxg6 34.
b5 Nd4 35. Rh8 Nf3+ 36. Ke2 Nxg5 37. f3 Rd8 38. Rhh1 Kf6 39. a4 Ke5 40. Rhg1
Kf6 41. a5 Ne6 42. Rcd1 Nd6 43. e5+ Kxe5 44. Rxg6 Kf5 45. Rh6 Nf7 46. Rh5+ Nfg5
47. Rxd8 Nxd8 48. Rh8 Nde6 49. Ra8 Nc5 50. Rxa7 Ke5 51. Rxb7 Kd6 52. a6 Na4 53.
a7 1-0

[Event "HUN Team League Csongrad Region 2018-19 "]
[Site "Csongrád County"]
[Date "2018.09.30"]
[Round "1.3"]
[White "Torok, Csaba"]
[Black "Varga, Laszlo"]
[Result "1/2-1/2"]
[WhiteElo "1526"]
[BlackElo "1697"]
[PlyCount "71"]
[EventDate "2018.09.30"]
[WhiteTeam "Vásárhelyi Pákozdy FSSE"]
[BlackTeam "Röszkei SK"]

1. e4 e5 2. Nf3 Nc6 3. Bc4 Be7 4. d4 exd4 5. Nxd4 Ne5 6. Bb3 Nf6 7. Nc3 Bc5 8.
Be3 O-O 9. h3 Bb4 10. Bg5 h6 11. Bxf6 Qxf6 12. O-O c5 13. Nd5 Qd8 14. Nf5 Nc6
15. c3 Ba5 16. Re1 d6 17. Nde3 Bc7 18. Qg4 Qg5 19. Qxg5 hxg5 20. Nd5 Bb8 21.
Nde7+ Nxe7 22. Nxe7+ Kh7 23. Bd5 Bc7 24. Nxc8 Raxc8 25. a4 b6 26. c4 Bd8 27. e5
dxe5 28. Rxe5 Bf6 29. Re2 Rce8 30. Rae1 Rxe2 31. Rxe2 Kh6 32. g4 g6 33. b3 Bd8
34. Kg2 Kg7 35. f3 Kf6 36. Re1 1/2-1/2

[Event "HUN Team League Csongrad Region 2018-19 "]
[Site "Csongrád County"]
[Date "2018.09.30"]
[Round "1.3"]
[White "Nagy, Zeteny"]
[Black "Csikos, Adam"]
[Result "1-0"]
[WhiteElo "1246"]
[BlackElo "1315"]
[PlyCount "35"]
[EventDate "2018.09.30"]
[WhiteTeam "Röszkei SK"]
[BlackTeam "Vásárhelyi Pákozdy FSSE"]

1. d4 Nf6 2. Nc3 d5 3. e4 Nxe4 4. Nxe4 dxe4 5. f3 Bf5 6. Bc4 Nc6 7. c3 e5 8.
Be3 Bd6 9. h4 exd4 10. cxd4 Bg3+ 11. Kf1 Bxh4 12. fxe4 Qe7 13. Qh5 Na5 14. b3
Nxc4 15. bxc4 Qxe4 16. Rxh4 Qd3+ 17. Qe2 Qc3 18. Bd2+ 1-0

[Event "HUN Team League Csongrad Region 2018-19 "]
[Site "Csongrád County"]
[Date "2018.09.30"]
[Round "1.4"]
[White "Tornyai, Jeno"]
[Black "Udvardi, Zalan"]
[Result "0-1"]
[WhiteElo "1876"]
[BlackElo "2212"]
[PlyCount "101"]
[EventDate "2018.09.30"]
[WhiteTeam "Maróczy Géza SE VI."]
[BlackTeam "Szentesi Sakk SE II."]

1. d4 Nf6 2. Nc3 d5 3. Bg5 Bf5 4. f3 Nbd7 5. Nxd5 Nxd5 6. e4 h6 7. Bh4 N7b6 8.
exf5 Ne3 9. Qd3 Qxd4 10. Bf2 Qxd3 11. Bxd3 Nxg2+ 12. Kf1 Nf4 13. Be4 O-O-O 14.
b3 g5 15. c4 Bg7 16. Rc1 Nd3 17. Rc2 Nxf2 18. Rxf2 Rd1+ 19. Kg2 Rhd8 20. Ne2
Rxh1 21. Kxh1 Rd2 22. a4 Rb2 23. a5 Nd7 24. Bd5 Ne5 25. Rg2 c6 26. Be4 Rxb3 27.
f4 Re3 28. f6 exf6 29. Bf5+ Nd7 30. h4 Kc7 31. Nd4 Bf8 32. hxg5 fxg5 33. fxg5
Re1+ 34. Kh2 Bd6+ 35. Kh3 Rh1+ 36. Kg4 Ne5+ 37. Kf4 Rh4+ 38. Ke3 hxg5 39. Rxg5
Rxd4 40. Rg8 Bc5 41. Rc8+ Kd6 42. Rd8+ Ke7 43. Rxd4 Bxd4+ 44. Kxd4 Kd6 45. Bc8
b5 46. axb6 axb6 47. Bf5 c5+ 48. Kc3 f6 49. Kb3 Nc6 50. Bg4 f5 51. Bf3 0-1